<?xml version="1.0" encoding="UTF-8"?>
<record
    xmlns:xsi="http://www.w3.org/2001/XMLSchema-instance"
    xsi:schemaLocation="http://www.loc.gov/MARC21/slim http://www.loc.gov/standards/marcxml/schema/MARC21slim.xsd"
    xmlns="http://www.loc.gov/MARC21/slim">

  <leader>00649nam a2200181Ia 4500</leader>
  <controlfield tag="008">100920s9999    xx            000 0 und d</controlfield>
  <datafield tag="082" ind1=" " ind2=" ">
    <subfield code="b">103959</subfield>
    <subfield code="a">891.43 14</subfield>
  </datafield>
  <datafield tag="100" ind1=" " ind2=" ">
    <subfield code="a">&#x92D;&#x93E;&#x91F;&#x93F;&#x92F;&#x93E; &#x938;&#x941;&#x926;&#x930;&#x94D;&#x936;&#x928;.</subfield>
  </datafield>
  <datafield tag="245" ind1=" " ind2=" ">
    <subfield code="a">&#x935;&#x940;&#x930; &#x927;&#x928;&#x941;&#x930;&#x94D;&#x927;&#x930; &#x930;&#x949;&#x92C;&#x93F;&#x928;&#x939;&#x941;&#x921;.</subfield>
  </datafield>
  <datafield tag="260" ind1=" " ind2=" ">
    <subfield code="b">&#x930;&#x93E;&#x91C; &#x92C;&#x941;&#x915; &#x938;&#x93E;&#x939;&#x93F;&#x924;&#x94D;&#x92F;,&#x926;&#x93F;&#x932;&#x94D;&#x932;&#x940;.</subfield>
    <subfield code="c">4814</subfield>
  </datafield>
  <datafield tag="300" ind1=" " ind2=" ">
    <subfield code="a">160</subfield>
    <subfield code="b">&#x938;&#x93E;&#x927;&#x940;</subfield>
  </datafield>
  <datafield tag="365" ind1=" " ind2=" ">
    <subfield code="b">175</subfield>
  </datafield>
  <datafield tag="520" ind1=" " ind2=" ">
    <subfield code="a">&#x939;&#x93F;&#x902;&#x926;&#x940;.</subfield>
  </datafield>
  <datafield tag="630" ind1=" " ind2=" ">
    <subfield code="a">&#x935;&#x940;&#x930; &#x927;&#x928;&#x941;&#x930;&#x94D;&#x927;&#x930; &#x930;&#x949;&#x92C;&#x93F;&#x928;&#x939;&#x941;&#x921;.</subfield>
  </datafield>
  <datafield tag="650" ind1=" " ind2=" ">
    <subfield code="a">&#x939;&#x93F;&#x902;&#x926;&#x940;.</subfield>
  </datafield>
  <datafield tag="730" ind1=" " ind2=" ">
    <subfield code="a">&#x935;&#x940;&#x930; &#x927;&#x928;&#x941;&#x930;&#x94D;&#x927;&#x930; &#x930;&#x949;&#x92C;&#x93F;&#x928;&#x939;&#x941;&#x921;.</subfield>
  </datafield>
  <datafield tag="942" ind1=" " ind2=" ">
    <subfield code="c">BOOK</subfield>
  </datafield>
  <datafield tag="999" ind1=" " ind2=" ">
    <subfield code="c">744391</subfield>
    <subfield code="d">744388</subfield>
  </datafield>
  <datafield tag="952" ind1=" " ind2=" ">
    <subfield code="0">0</subfield>
    <subfield code="1">0</subfield>
    <subfield code="4">0</subfield>
    <subfield code="7">0</subfield>
    <subfield code="a">SATVAC</subfield>
    <subfield code="b">SATVAC</subfield>
    <subfield code="c">891.43 14</subfield>
    <subfield code="d">0000-00-00</subfield>
    <subfield code="g">175.00</subfield>
    <subfield code="l">0</subfield>
    <subfield code="p">SATVAC-103959</subfield>
    <subfield code="r">2010-09-20 00:00:00</subfield>
    <subfield code="w">2010-09-20</subfield>
    <subfield code="y">BOOK</subfield>
    <subfield code="z">&#x926;&#x947;&#x935;&#x918;&#x947;&#x935;</subfield>
  </datafield>
</record>
